000 00759nam a2200277 4500
003 OSt
005 20260601171003.0
008 260507b2010\\\\|||ao|||\||||\00|\0\eng\d
020 _a9788492810093
040 _aICI
_bspa
_cICI
050 _aZ250
_bM35
100 1 _aFrancisco, Maia
_931711
245 1 _aFONTOLOGY:
_bFree Fonts Source Book
264 _bPromo Press
_c2010
_aEspaña
300 _a175 páginas
336 _atexto
_2rdacontent
337 _asin medio
_2rdamedia
338 _avolumen
_2rdacarrier
650 _aTipografía
650 _aFuentes tipográficas
_931713
650 _aDiseño gráfico
_918020
650 _aDiseño tipográfico
650 _aComunicación visual
650 _aLetras
_xDiseño
_931716
942 _2lcc
_cB
_n1
999 _c20148
_d20148